{"text_format":"3","workbook":"xls","n_sheets":1,"sheets":["WUBUDOWA DROGI Z ODWODNIENIEM-Ł"],"read":"whole","date_system":"1900","formulas":"cached_only"}

{"sheet":"WUBUDOWA DROGI Z ODWODNIENIEM-Ł","index":0,"n_rows":400,"n_cols":6,"rows_kept":400,"merged":[[1,0,3,1],[4,0,4,2],[5,0,9,0],[5,2,9,2],[16,0,18,0],[16,2,18,2],[16,3,18,3],[16,4,18,4],[16,5,18,5],[19,0,22,0],[19,2,22,2],[19,3,22,3],[19,4,22,4],[19,5,22,5],[23,0,26,0],[23,2,26,2],[23,3,26,3],[23,4,26,4],[23,5,26,5],[27,0,29,0],[27,2,29,2],[27,3,29,3],[27,4,29,4],[27,5,29,5],[30,0,32,0],[30,2,32,2],[30,3,32,3],[30,4,32,4],[30,5,32,5],[33,0,35,0],[33,2,35,2],[33,3,35,3],[33,4,35,4],[33,5,35,5],[36,0,38,0],[36,2,38,2],[36,3,38,3],[36,4,38,4],[36,5,38,5],[39,0,42,0],[39,2,42,2],[39,3,42,3],[39,4,42,4],[39,5,42,5],[43,0,46,0],[43,2,46,2],[43,3,46,3],[43,4,46,4],[43,5,46,5],[47,0,50,0],[47,2,50,2],[47,3,50,3],[47,4,50,4],[47,5,50,5],[55,0,57,0],[55,2,57,2],[55,3,57,3],[55,4,57,4],[55,5,57,5],[58,0,60,0],[58,2,60,2],[58,3,60,3],[58,4,60,4],[58,5,60,5],[61,0,63,0],[61,2,63,2],[61,3,63,3],[61,4,63,4],[61,5,63,5],[64,0,66,0],[64,2,66,2],[64,3,66,3],[64,4,66,4],[64,5,66,5],[67,0,69,0],[67,2,69,2],[67,3,69,3],[67,4,69,4],[67,5,69,5],[70,0,72,0],[70,2,72,2],[70,3,72,3],[70,4,72,4],[70,5,72,5],[73,0,75,0],[73,2,75,2],[73,3,75,3],[73,4,75,4],[73,5,75,5],[76,0,77,0],[76,2,77,2],[76,3,77,3],[76,4,77,4],[76,5,77,5],[78,0,79,0],[78,2,79,2],[78,3,79,3],[78,4,79,4],[78,5,79,5],[80,0,81,0],[80,2,81,2],[80,3,81,3],[80,4,81,4],[80,5,81,5],[82,0,83,0],[82,2,83,2],[82,3,83,3],[82,4,83,4],[82,5,83,5],[84,0,85,0],[84,2,85,2],[84,3,85,3],[84,4,85,4],[84,5,85,5],[86,0,87,0],[86,2,87,2],[86,3,87,3],[86,4,87,4],[86,5,87,5],[88,0,89,0],[88,2,89,2],[88,3,89,3],[88,4,89,4],[88,5,89,5],[90,0,91,0],[90,2,91,2],[90,3,91,3],[90,4,91,4],[90,5,91,5],[92,0,93,0],[92,2,93,2],[92,3,93,3],[92,4,93,4],[92,5,93,5],[98,0,99,0],[98,2,99,2],[98,3,99,3],[98,4,99,4],[98,5,99,5],[100,0,101,0],[100,2,101,2],[100,3,101,3],[100,4,101,4],[100,5,101,5],[102,0,103,0],[102,2,103,2],[102,3,103,3],[102,4,103,4],[102,5,103,5],[104,0,105,0],[104,2,105,2],[104,3,105,3],[104,4,105,4],[104,5,105,5],[106,0,107,0],[106,2,107,2],[106,3,107,3],[106,4,107,4],[106,5,107,5],[108,0,111,0],[108,2,111,2],[108,3,111,3],[108,4,111,4],[108,5,111,5],[112,0,114,0],[112,2,114,2],[112,3,114,3],[112,4,114,4],[112,5,114,5],[115,0,117,0],[115,2,117,2],[115,3,117,3],[115,4,117,4],[115,5,117,5],[118,0,120,0],[118,2,120,2],[118,3,120,3],[118,4,120,4],[118,5,120,5],[121,0,124,0],[121,2,124,2],[121,3,124,3],[121,4,124,4],[121,5,124,5],[125,0,128,0],[125,2,128,2],[125,3,128,3],[125,4,128,4],[125,5,128,5],[129,0,131,0],[129,2,131,2],[129,3,131,3],[129,4,131,4],[129,5,131,5],[132,0,134,0],[132,2,134,2],[132,3,134,3],[132,4,134,4],[132,5,134,5],[135,0,135,4],[141,0,143,0],[141,2,143,2],[141,3,143,3],[141,4,143,4],[141,5,143,5],[144,0,147,0],[144,2,147,2],[144,3,147,3],[144,4,147,4],[144,5,147,5],[148,0,150,0],[148,2,150,2],[148,3,150,3],[148,4,150,4],[148,5,150,5],[151,0,154,0],[151,2,154,2],[151,3,154,3],[151,4,154,4],[151,5,154,5],[155,0,157,0],[155,2,157,2],[155,3,157,3],[155,4,157,4],[155,5,157,5],[158,0,161,0],[158,2,161,2],[158,3,161,3],[158,4,161,4],[158,5,161,5],[162,0,165,0],[162,2,165,2],[162,3,165,3],[162,4,165,4],[162,5,165,5],[166,0,169,0],[166,2,169,2],[166,3,169,3],[166,4,169,4],[166,5,169,5],[170,0,172,0],[170,2,172,2],[170,3,172,3],[170,4,172,4],[170,5,172,5],[173,0,175,0],[173,2,175,2],[173,3,175,3],[173,4,175,4],[173,5,175,5],[176,0,178,0],[176,2,178,2],[176,3,178,3],[176,4,178,4],[176,5,178,5],[179,0,181,0],[179,2,181,2],[179,3,181,3],[179,4,181,4],[179,5,181,5],[186,0,188,0],[186,2,188,2],[186,3,188,3],[186,4,188,4],[186,5,188,5],[189,0,191,0],[189,2,191,2],[189,3,191,3],[189,4,191,4],[189,5,191,5],[192,0,195,0],[192,2,195,2],[192,3,195,3],[192,4,195,4],[192,5,195,5],[196,0,199,0],[196,2,199,2],[196,3,199,3],[196,4,199,4],[196,5,199,5],[200,0,203,0],[200,2,203,2],[200,3,203,3],[200,4,203,4],[200,5,203,5],[204,0,207,0],[204,2,207,2],[204,3,207,3],[204,4,207,4],[204,5,207,5],[208,0,211,0],[208,2,211,2],[208,3,211,3],[208,4,211,4],[208,5,211,5],[212,0,214,0],[212,2,214,2],[212,3,214,3],[212,4,214,4],[212,5,214,5],[215,0,215,4],[216,0,216,4],[219,0,221,0],[219,2,221,2],[219,3,221,3],[219,4,221,4],[219,5,221,5],[222,0,224,0],[222,2,224,2],[222,3,224,3],[222,4,224,4],[222,5,224,5],[229,0,231,0],[229,2,231,2],[229,3,231,3],[229,4,231,4],[229,5,231,5],[232,0,235,0],[232,2,235,2],[232,3,235,3],[232,4,235,4],[232,5,235,5],[236,0,239,0],[236,2,239,2],[236,3,239,3],[236,4,239,4],[236,5,239,5],[240,0,243,0],[240,2,243,2],[240,3,243,3],[240,4,243,4],[240,5,243,5],[244,0,244,4],[246,0,247,0],[246,2,247,2],[246,3,247,3],[246,4,247,4],[246,5,247,5],[248,0,251,0],[248,2,251,2],[248,3,251,3],[248,4,251,4],[248,5,251,5],[252,0,254,0],[252,2,254,2],[252,3,254,3],[252,4,254,4],[252,5,254,5],[255,0,258,0],[255,2,258,2],[255,3,258,3],[255,4,258,4],[255,5,258,5],[259,0,261,0],[259,2,261,2],[259,3,261,3],[259,4,261,4],[259,5,261,5],[262,0,264,0],[262,2,264,2],[262,3,264,3],[262,4,264,4],[262,5,264,5],[265,0,267,0],[265,2,267,2],[265,3,267,3],[265,4,267,4],[265,5,267,5],[268,0,270,0],[268,2,270,2],[268,3,270,3],[268,4,270,4],[268,5,270,5],[271,0,273,0],[271,2,273,2],[271,3,273,3],[271,4,273,4],[271,5,273,5],[278,0,280,0],[278,2,280,2],[278,3,280,3],[278,4,280,4],[278,5,280,5],[281,0,283,0],[281,2,283,2],[281,3,283,3],[281,4,283,4],[281,5,283,5],[284,0,284,4],[286,0,287,0],[286,2,287,2],[286,3,287,3],[286,4,287,4],[286,5,287,5],[288,0,290,0],[288,2,290,2],[288,3,290,3],[288,4,290,4],[288,5,290,5],[291,0,293,0],[291,2,293,2],[291,3,293,3],[291,4,293,4],[291,5,293,5],[294,0,296,0],[294,2,296,2],[294,3,296,3],[294,4,296,4],[294,5,296,5],[297,0,297,4],[299,0,300,0],[299,2,300,2],[299,3,300,3],[299,4,300,4],[299,5,300,5],[301,0,303,0],[301,2,303,2],[301,3,303,3],[301,4,303,4],[301,5,303,5],[304,0,306,0],[304,2,306,2],[304,3,306,3],[304,4,306,4],[304,5,306,5],[307,0,307,4],[309,0,310,0],[309,2,310,2],[309,3,310,3],[309,4,310,4],[309,5,310,5],[311,0,313,0],[311,2,313,2],[311,3,313,3],[311,4,313,4],[311,5,313,5],[314,0,316,0],[314,2,316,2],[314,3,316,3],[314,4,316,4],[314,5,316,5],[317,0,319,0],[317,2,319,2],[317,3,319,3],[317,4,319,4],[317,5,319,5],[324,0,326,0],[324,2,326,2],[324,3,326,3],[324,4,326,4],[324,5,326,5],[327,0,329,0],[327,2,329,2],[327,3,329,3],[327,4,329,4],[327,5,329,5],[330,0,332,0],[330,2,332,2],[330,3,332,3],[330,4,332,4],[330,5,332,5],[333,0,333,4],[335,0,336,0],[335,2,336,2],[335,3,336,3],[335,4,336,4],[335,5,336,5],[337,0,340,0],[337,2,340,2],[337,3,340,3],[337,4,340,4],[337,5,340,5],[341,0,344,0],[341,2,344,2],[341,3,344,3],[341,4,344,4],[341,5,344,5],[345,0,348,0],[345,2,348,2],[345,3,348,3],[345,4,348,4],[345,5,348,5],[349,0,352,0],[349,2,352,2],[349,3,352,3],[349,4,352,4],[349,5,352,5],[353,0,353,4],[355,0,358,0],[355,2,358,2],[355,3,358,3],[355,4,358,4],[355,5,358,5],[359,0,361,0],[359,2,361,2],[359,3,361,3],[359,4,361,4],[359,5,361,5],[362,0,364,0],[362,2,364,2],[362,3,364,3],[362,4,364,4],[362,5,364,5],[365,0,365,4],[366,0,366,4],[368,0,370,0],[368,2,370,2],[368,3,370,3],[368,4,370,4],[368,5,370,5],[375,0,377,0],[375,2,377,2],[375,3,377,3],[375,4,377,4],[375,5,377,5],[378,0,380,0],[378,2,380,2],[378,3,380,3],[378,4,380,4],[378,5,380,5],[381,0,383,0],[381,2,383,2],[381,3,383,3],[381,4,383,4],[381,5,383,5],[384,0,386,0],[384,2,386,2],[384,3,386,3],[384,4,386,4],[384,5,386,5],[387,0,389,0],[387,2,389,2],[387,3,389,3],[387,4,389,4],[387,5,389,5],[390,0,392,0],[390,2,392,2],[390,3,392,3],[390,4,392,4],[390,5,392,5],[393,0,395,0],[393,2,395,2],[393,3,395,3],[393,4,395,4],[393,5,395,5],[396,0,396,4],[397,0,397,4],[398,0,398,4],[399,0,399,4]],"flags":["formulas_cached_only"]}
[]
[]
[]
[]
["Budowa drogi z odwodnieniem łącznika ul.Sienkiewicza z drogą przy szybie."]
[null,"Poziom cen:Poprzednio zrealizowane umowy przez Zamawiającego."]
[null,"Stawka robocizny: "]
[null,"Waluta:złoty"]
[null,"Identyfikator kosztorysu: BUDOWA DROGI Z ODWODNIENIEM-ŁĄCZNIK UL.SIENKIEWICZA Z DROGĄ PRZY SZYBIE2"]
[]
["WU Kosztorys uproszczony","wyk.dn.","str. 1"]
[]
["Nr","Nazwa","Jednostka miary","Ilość","Cena jedn.","Wartość"]
[]
[1,"Roboty przygotowacze , odwodnienie"]
["1.1","Roboty rozbiórkowe, wycinka drzew, roboty ziemne"]
[10,"KNNR 1 112-2","ha",0.02]
[null,"D-01.01.01"]
[null,"Roboty pomiarowe przy powierzchniowych robotach ziemnych koryta pod nawierzchnie placów postojowych"]
[20,"KNNR 6 803-7","m2",31.92]
[null,"D-01.02.04"]
[null,"Rozebranie nawierzchni ręcznie z klinkieru drogowego na podsypce piaskowej"]
[null,"Rozbiórka chodnika na włączeniu nowej drogi do ul.Sienkiewicza"]
[30,"KNNR 6 803-7","m2",17.44]
[null,"D-01.02.04"]
[null,"Rozebranie nawierzchni ręcznie z klinkieru drogowego na podsypce piaskowej"]
[null,"Rozbiórka  nawierzchni zjazdu do posesji nr 251 celem przebudowy"]
[40,"KNNR 6 806-2","m",17.5]
[null,"D-01.02.04"]
[null,"Rozebranie krawężników betonowych na podsypce cementowo-piaskowej"]
[50,"KNR 2-31 812-3","m3",1.31]
[null,"D-01.02.04"]
[null,"Rozebranie ław pod krawężniki z betonu"]
[60,"KNR 2-31 814-2","m",17.5]
[null,"D-01.02.04"]
[null,"Rozebranie obrzeży trawnikowych o wym.8x30 cm na podsypce piaskowej"]
[70,"KNR 2-25 307-3","m2",26.25]
[null,"D-01.02.04"]
[null,"Ogrodzenia na słupkach metalowych obetonowanych - rozebranie"]
[80,"KNR 4-01 212-2","m3",52.32]
[null,"D-01.02.04"]
[null,"Rozbiórka elementów konstrukcji betonowych niezbrojonych o gr.ponad 15 cm"]
[null,"Rozbiórka obsutronna podmurówki zniszczonego istn.ogrodzenia"]
[90,"KNR 2-31 818-8","szt",216]
[null,"D-01.02.04"]
[null,"Rozebranie słupków do znaków"]
[null,"Rozbiórka słupków ogrodzenia"]
[100,"KNNR 3 301-2","m3",9]
[null,"D-01.02.04"]
[null,"Rozbiórka konstrukcji z cegły na zaprawie cementowej"]
[null,"Rozbiórka istn.ogordzenia murowanego z cegły"]
["WU Kosztorys uproszczony","wyk.dn.","str. 2"]
[]
["Nr","Nazwa","Jednostka miary","Ilość","Cena jedn.","Wartość"]
[]
[110,"KNNR 1 102-1","ha",0.18]
[null,"D-01.02.01"]
[null,"Mechaniczne karczowanie zagajników gęstych powyżej 60% powierzchni"]
[120,"KNNR 1 101-1","szt",71]
[null,"D-01.02.01"]
[null,"Mechaniczne ścinanie drzew z karczowaniem pni - średnica drzew 10-15 cm"]
[130,"KNNR 1 101-2","szt",36]
[null,"D-01.02.01"]
[null,"Mechaniczne ścinanie drzew z karczowaniem pni - średnica drzew 16-25 cm"]
[140,"KNNR 1 101-3","szt",15]
[null,"D-01.02.01"]
[null,"Mechaniczne ścinanie drzew z karczowaniem pni - średnica drzew 26-35 cm"]
[150,"KNNR 1 101-4","szt",3]
[null,"D-01.02.01"]
[null,"Mechaniczne ścinanie drzew z karczowaniem pni - średnica drzew 36-45 cm"]
[160,"KNNR 1 101-5","szt",3]
[null,"D-01.02.01"]
[null,"Mechaniczne ścinanie drzew z karczowaniem pni - średnica drzew 46-55 cm"]
[170,"KNNR 1 101-6","szt",3]
[null,"D-01.02.01"]
[null,"Mechaniczne ścinanie drzew z karczowaniem pni - średnica drzew 56-65 cm"]
[180,"KNNR 1 108-1","szt",71]
[null,"Wywożenie pni i korzeni w terenie normalnym - średnica pni 10-15 cm"]
[190,"KNNR 1 109-1","szt",71]
[null,"Nakłady dodatkowe za 1 km zwiększonej odległości transportu pni i korzeni ponad pierwsze 2 km - średnica pni 10-15 cm [S=8]"]
[200,"KNNR 1 108-2","szt",36]
[null,"Wywożenie pni i korzeni w terenie normalnym - średnica pni 16-25 cm"]
[210,"KNNR 1 109-2","szt",36]
[null,"Nakłady dodatkowe za 1 km zwiększonej odległości transportu pni i korzeni ponad pierwsze 2 km - średnica pni 16-25 cm [S=8]"]
[220,"KNNR 1 108-3","szt",15]
[null,"Wywożenie pni i korzeni w terenie normalnym - średnica pni 26-35 cm"]
[230,"KNNR 1 109-3","szt",15]
[null,"Nakłady dodatkowe za 1 km zwiększonej odległości transportu pni i korzeni ponad pierwsze 2 km - średnica pni 26-35 cm [S=8]"]
[240,"KNNR 1 108-4","szt",3]
[null,"Wywożenie pni i korzeni w terenie normalnym - średnica pni 36-45 cm"]
[250,"KNNR 1 109-4","szt",3]
[null,"Nakłady dodatkowe za 1 km zwiększonej odległości transportu pni i korzeni ponad pierwsze 2 km - średnica pni 36-45 cm [S=8]"]
[260,"KNNR 1 108-5","szt",3]
[null,"Wywożenie pni i korzeni w terenie normalnym - średnica pni 46-55 cm"]
["WU Kosztorys uproszczony","wyk.dn.","str. 3"]
[]
["Nr","Nazwa","Jednostka miary","Ilość","Cena jedn.","Wartość"]
[]
[270,"KNNR 1 109-5","szt",3]
[null,"Nakłady dodatkowe za 1 km zwiększonej odległości transportu pni i korzeni ponad pierwsze 2 km - średnica pni 46-55 cm [S=8]"]
[280,"KNNR 1 108-6","szt",3]
[null,"Wywożenie pni i korzeni w terenie normalnym - średnica pni 56-65 cm"]
[290,"KNNR 1 109-6","szt",3]
[null,"Nakłady dodatkowe za 1 km zwiększonej odległości transportu pni i korzeni ponad pierwsze 2 km - średnica pni 56-65 cm [S=8]"]
[300,"KNNR 1 107-3","mp",72.5]
[null,"Wywożenie gałęzi na odległość do 2 km"]
[310,"KNNR 1 107-5","mp",72.5]
[null,"Wywożenie karpiny i gałęzi - za każdy dodatkowy rozpoczęty 1 km transportu ponad pierwsze 2 km (dodatek do kolumny 02 i 03)-tylko gałęzi [S=8]"]
[320,"KNNR 1 202-5","m3",{"v":1405,"d":"1,405.00"}]
[null,"D-02.01.01"]
[null,"Roboty ziemne wyk.koparkami podsiębiernymi z transportem urobku samochodami samowyładowczymi na odl.do 1 km koparki o poj.łyżki 0.40 m3, grunt kat.I-II"]
[null,"Według przekroji poprzecznych"]
[330,"KNNR 1 311-3","m3",12]
[null,"D-02.01.01"]
[null,"Ręczne formowanie nasypów ziemia z odkładu, grunt kat.I-II"]
[340,"KNNR 1 208-2","m3",{"v":1381,"d":"1,381.00"}]
[null,"D-02.01.01"]
[null,"Nakłady uzupełniające do tablic za każdy dalszy rozpoczęty 1 km odl.transportu ponad 1 km samochodami samowyładowczymi przy przewozie po drogach o nawierzchni utwardzonej, kat.gruntu I-IV [S=9]"]
[350,"2017-01-01","m3",{"v":1381,"d":"1,381.00"}]
[null,"D-00.00.00"]
[null,"Koszty utylizacji"]
[360,"KNNR 6 101-3","m2",74.55]
[null,"D-04.01.01"]
[null,"Koryta wykonywane na całej szerokości jezdni i chodników mechanicznie, głębokość 30 cm, kat.gruntu II-IV"]
[null,"Koryto w pasie drogi powiatowej + drogi gminnej [R=2,2;S=2,2]"]
[370,"KNNR 1 202-5","m3",48.46]
[null,"D-02.01.01"]
[null,"Roboty ziemne wyk.koparkami podsiębiernymi z transportem urobku samochodami samowyładowczymi na odl.do 1 km koparki o poj.łyżki 0.40 m3, grunt kat.I-II"]
[null,"Według przekroji popzrecznych"]
[380,"KNNR 1 208-2","m3",48.46]
[null,"D-02.01.01"]
[null,"Nakłady uzupełniające do tablic za każdy dalszy rozpoczęty 1 km odl.transportu ponad 1 km samochodami samowyładowczymi przy przewozie po drogach o nawierzchni utwardzonej, kat.gruntu I-IV [S=9]"]
[390,"2017-01-01","m3",48.46]
[null,"D-00.00.00"]
[null,"Koszty utylizacji"]
["Razem element 1.1: Roboty rozbiórkowe, wycinka drzew, roboty ziemne"]
["1.2","Kanalizacja deszczowa"]
["WU Kosztorys uproszczony","wyk.dn.","str. 4"]
[]
["Nr","Nazwa","Jednostka miary","Ilość","Cena jedn.","Wartość"]
[]
[400,"KNNR 1 111-1","km",0.22]
[null,"D-01.01.01"]
[null,"Roboty pomiarowe przy liniowych robotach ziemnych (drogi) trasa dróg w terenie równinnym"]
[410,"KNNR 1 202-3","m3",457.4]
[null,"D-02.01.01"]
[null,"Roboty ziemne wyk.koparkami podsiębiernymi z transportem urobku samochodami samowyładowczymi na odl.do 1 km koparki o poj.łyżki 0.25 m3, grunt kat.I-II"]
[null,"Wykopy liniowe dla ciągów oraz jamiste dla studni"]
[420,"KNNR 1 208-2","m3",457.4]
[null,"D-02.01.01"]
[null,"Nakłady uzupełniające do tablic za każdy dalszy rozpoczęty 1 km odl.transportu ponad 1 km samochodami samowyładowczymi przy przewozie po drogach o nawierzchni utwardzonej, kat.gruntu I-IV [S=9]"]
[430,"KNR 2-28 501-9","m3",139.4]
[null,"D-03.02.01"]
[null,"Obsypka rurociągu kruszywem dowiezionym"]
[null,"Podsypka ,obsypka piaskiem"]
[440,"KNNR 1 312-1","m2",500]
[null,"D-03.02.01"]
[null,"Pełne umocnienie ścian wykopów wraz z rozbiórką, balami drewnianymi, w gruntach suchych I-IV wykopy o szer.1 m, głęb.wykopu do 3.0 m"]
[450,"KNNR 4 1308-2","m",20.5]
[null,"D-03.02.01"]
[null,"Rurociągi z PVC łączone na wcisk o średnicy zewnętrznej 160 mm"]
[null,"Rury PVC-U klasa S SDR 34 , SN 12 z uszczelką z litą ścianką jednowarstwowwą"]
[460,"KNNR 4 1308-6","m",18]
[null,"D-03.02.01"]
[null,"Rurociągi z PVC łączone na wcisk o średnicy zewnętrznej 400 mm"]
[null,"Rury PVC-U klasa S SDR 34 , SN 12 z uszczelką z litą ścianką jednowarstwowwą"]
[470,"KNNR 4 1308-6","m",201.5]
[null,"D-03.02.01"]
[null,"Rurociągi z PVC łączone na wcisk o średnicy zewnętrznej 400 mm"]
[null,"Rury PVC-U klasa S SDR 34 , SN 8 z uszczelką z litą ścianką jednowarstwowwą"]
[480,"KNNR 4 1413-5","studnia",7]
[null,"D-03.02.01"]
[null,"Studnia rewizyjna z kręgów betonowych o średnicy 1500 mm i głębokości 3 m w gotowym wykopie"]
[490,"KNNR 4 1413-6","m",-3.5]
[null,"D-03.02.01"]
[null,"Studnia rewizyjna z kręgów betonowych o średnicy 1500 mm w gotowym wykopie - za każde 0,5 m różnicy głębokości"]
[500,"KNNR 4 1410-2","m3",2.2]
[null,"D-03.02.01"]
[null,"Podłoże betonowe o gr.10 cm"]
[510,"KNNR 4 1424-2","szt",6]
[null,"D-03.02.01"]
[null,"Studzienka ściekowa uliczna betonowa o średnicy 500 mm z osadnikiem bez syfonu"]
["WU Kosztorys uproszczony","wyk.dn.","str. 5"]
[]
["Nr","Nazwa","Jednostka miary","Ilość","Cena jedn.","Wartość"]
[]
[520,"KNNR 4 1506-6","m",12]
[null,"D-03.02.01"]
[null,"Izolacja zewnętrzna lepikiem asafaltowym stosowanym na zimno - pierwsza warstwa, rur betonowych i żelbetowych o średnicy 500 mm"]
[530,"KNNR 4 1506-9","m",21]
[null,"D-03.02.01"]
[null,"Izolacja zewnętrzna lepikiem asafaltowym stosowanym na zimno - pierwsza warstwa, rur betonowych i żelbetowych o średnicy 1000 mm"]
[540,"KNR 2-19 WACETOB 102-1","m",240]
[null,"D-03.02.01"]
[null,"Oznakowanie trasy gazociągu ułożonego w ziemi taśmą z tworzywa sztucznego"]
[null,"Uwaga! oznakowanie kanalizacji"]
[550,"KNNR 1 214-4","m3",298]
[null,"D-03.02.01"]
[null,"Zasypanie wykopów fundamentowych podłużnych,punktowych,rowów,wykopów obiektowych z zagęszczeniem mechanicznym ubijakami, gr.zagęszczanej warstwy w stanie luźnym 35 cm, kat.gruntu I-II"]
[null,"Skalkulować dowóz gruntu do zasypki grupy nośności G1"]
[560,"KNNR 4 1427-5","szt",14]
[null,"D-03.02.01"]
[null,"Przejścia przez ściany komór tulejami stalowymi stalowymi \"PS\" przy gr.ściany 20 cm średnica otworu 390 mm"]
[null,"Dla DN/OD400"]
[570,"KNNR 4 1427-1","szt",6]
[null,"D-03.02.01"]
[null,"Przejścia przez ściany komór tulejami stalowymi stalowymi \"PS\" przy gr.ściany 20 cm średnica otworu 210 mm"]
[null,"Dla DN/OD 160"]
[580,"KNR 2-19 119-3 [R=0,955]","m",19]
[null,"D-03.02.01"]
[null,"Rury ochronne o średnicy nominalnej 200 mm"]
[null,"Uwaga! zabudowa rury ochronnej na sieci gazowej -dwudzielnej  PE HD DN/OD110 mm SDR26 .Mocowanie za pomocą opasek dystansowych co metr.Wyprowadzenie rury wydmuchowej ( śr.33,7x3,2mm) zakończyć w skrzynce ulicznej wraz z korkiem."]
[590,"KNR 2-18 804-4","m",240]
[null,"D-03.02.01"]
[null,"Próba szczelności kanałów rurowych o średnicy nominalnej 300 mm"]
["Razem element 1.2: Kanalizacja deszczowa"]
["Razem rozdział 1: Roboty przygotowacze , odwodnienie"]
[2,"Konstrukcja drogi"]
["2.1","Krawężniki + obrzeża"]
[600,"KNNR 1 111-1","km",0.22]
[null,"D-01.01.01"]
[null,"Roboty pomiarowe przy liniowych robotach ziemnych (drogi) trasa dróg w terenie równinnym"]
[610,"KNNR 6 403-3","m",435]
[null,"D-08.01.01"]
[null,"Krawężniki betonowe wystające o wym.15x30 cm, ława betonowa, podsypka cementowo-piaskowa"]
["WU Kosztorys uproszczony","wyk.dn.","str. 6"]
[]
["Nr","Nazwa","Jednostka miary","Ilość","Cena jedn.","Wartość"]
[]
[620,"KNR 2-31 403-7","m",32.03]
[null,"D-08.01.01"]
[null,"Dodatek za ustawienie krawężników na łukach o promieniu do 10 m"]
[630,"KNNR 6 403-3","m",31.16]
[null,"D-08.01.01"]
[null,"Krawężniki betonowe wystające o wym.15x30 cm, ława betonowa, podsypka cementowo-piaskowa"]
[null,"Krawężniki  najazdowe 15x22 cm"]
[640,"KNNR 6 404-5","m",446]
[null,"D-08.03.01"]
[null,"Obrzeża betonowe o wym.30x8 cm na podsypce cementowo-piaskowej, wypełnienie spoin zaprawą cementową"]
[null,"Jako zakończenie chodnika i jako opornik pomiędzy nawierzchniami - w tym bezfazowe w ilości 223,0m."]
[650,"KNR 2-31 402-4","m3",10.96]
[null,"D-08.01.01"]
[null,"Ławy betonowe z oporem pod krawężniki"]
[null,"Ławy pod obrzeża zewnętrzne"]
["Razem element 2.1: Krawężniki + obrzeża"]
["2.2","Jezdnia"]
[660,"KNNR 6 103-1","m2",{"v":1300,"d":"1,300.00"}]
[null,"Profilowanie i zagęszczanie podłoża pod warstwy konstrukcyjne nawierzchni wykonywane ręcznie, kat.gruntu II-IV"]
[670,"KNNR 6 112-1","m2",{"v":1300,"d":"1,300.00"}]
[null,"D-04.04.02"]
[null,"Podbudowy z kruszyw naturalnych warstwa dolna, gr.warstwy po zagęszczeniu 20 cm"]
[null,"Jezdnia -w-wa mrozoochronna z mieszanki niezwiązanej zgodnie z opisem i przekrojem"]
[680,"KNNR 6 111-2","m2",{"v":1300,"d":"1,300.00"}]
[null,"D-04.05.01"]
[null,"Podbudowy z gruntu stabilizowanego cementem w ilości 25 kg/1 m2, gr.warstwy po zagęszczeniu 15 cm"]
[690,"KNNR 6 112-1","m2",{"v":1300,"d":"1,300.00"}]
[null,"D-04.04.02"]
[null,"Podbudowy z kruszyw naturalnych warstwa dolna, gr.warstwy po zagęszczeniu 20 cm"]
[null,"W-wa podbudowy zasadniczej zgodnie z opisem i przekrojem"]
[700,"KNNR 6 110-2","m2",{"v":1300,"d":"1,300.00"}]
[null,"D-05.03.05"]
[null,"Podbudowa z mieszanek mineralno-bitumicznych asfaltowych, gr.warstwy po zagęszczeniu 6 cm [R=1,17;M=1,17;S=1,17]"]
[710,"KNNR 6 110-7","t",227.5]
[null,"D-05.03.05"]
[null,"Podbudowa z mieszanek mineralno-bitumicznych dodatek za każdy 1 km przewozu ponad 5 km [S=20]"]
[720,"KNNR 6 308-2","m2",{"v":1300,"d":"1,300.00"}]
[null,"D-05.03.05"]
[null,"Warstwa wiążąca z mieszanek mineralno-bitumicznych asfaltowych, gr.warstwy po zagęszczeniu 5 cm"]
[730,"KNNR 6 308-7","t",162.5]
[null,"D-05.03.05"]
[null,"Warstwa wiążąca z mieszanek mineralno-bitumicznych dodatek za dalszy 1 km przewozu ponad 5 km [S=20]"]
[740,"KNNR 6 1005-7","m2",{"v":1300,"d":"1,300.00"}]
[null,"D-04.03.01"]
[null,"Skropienie nawierzchni asfaltem"]
["WU Kosztorys uproszczony","wyk.dn.","str. 7"]
[]
["Nr","Nazwa","Jednostka miary","Ilość","Cena jedn.","Wartość"]
[]
[750,"KNNR 6 309-2","m2",{"v":1300,"d":"1,300.00"}]
[null,"D-05.03.05"]
[null,"Warstwa ścieralna z mieszanek mineralno-bitumicznych asfaltowych, gr.warstwy po zagęszczeniu 4 cm"]
[760,"KNNR 6 309-7","t",130]
[null,"D-05.03.05"]
[null,"Warstwa ścieralna z mieszanek mineralno-bitumicznych - dodatek za dalszy 1 km przewozu ponad 5 km [S=20]"]
["Razem element 2.2: Jezdnia"]
["2.3","Ścieżka rowerowa"]
[770,"KNNR 6 103-1","m2",505]
[null,"Profilowanie i zagęszczanie podłoża pod warstwy konstrukcyjne nawierzchni wykonywane ręcznie, kat.gruntu II-IV"]
[780,"KNNR 6 112-6","m2",505]
[null,"D-04.04.02"]
[null,"Podbudowy z kruszyw naturalnych warstwa górna, gr.warstwy po zagęszczeniu 15 cm [RMS=1,67]"]
[790,"KNNR 6 309-3","m2",505]
[null,"D-05.03.05"]
[null,"Warstwa ścieralna z mieszanek mineralno-bitumicznych asfaltowych, gr.warstwy po zagęszczeniu 6 cm"]
[800,"KNNR 6 309-7","t",75.75]
[null,"D-05.03.05"]
[null,"Warstwa ścieralna z mieszanek mineralno-bitumicznych - dodatek za dalszy 1 km przewozu ponad 5 km"]
["Razem element 2.3: Ścieżka rowerowa"]
["2.4","Chodnik"]
[810,"KNNR 6 103-1","m2",315]
[null,"Profilowanie i zagęszczanie podłoża pod warstwy konstrukcyjne nawierzchni wykonywane ręcznie, kat.gruntu II-IV"]
[820,"KNNR 6 112-6","m2",315]
[null,"D-04.04.02"]
[null,"Podbudowy z kruszyw naturalnych warstwa górna, gr.warstwy po zagęszczeniu 15 cm"]
[830,"KNNR 6 502-4","m2",315]
[null,"D-05.03.23"]
[null,"Chodniki z kostki brukowej betonowej gr.8 cm na podsypce piaskowej, wypełnienie spoin piaskiem"]
["Razem element 2.4: Chodnik"]
["2.5","Zjazdy"]
[840,"KNNR 6 103-1","m2",90.26]
[null,"Profilowanie i zagęszczanie podłoża pod warstwy konstrukcyjne nawierzchni wykonywane ręcznie, kat.gruntu II-IV"]
[850,"KNNR 6 112-6","m2",90.26]
[null,"D-04.04.02"]
[null,"Podbudowy z kruszyw naturalnych warstwa górna, gr.warstwy po zagęszczeniu 15 cm [RMS=1,67]"]
[860,"KNNR 6 308-2","m2",90.26]
[null,"D-05.03.05"]
[null,"Warstwa wiążąca z mieszanek mineralno-bitumicznych asfaltowych, gr.warstwy po zagęszczeniu 5 cm"]
[870,"KNNR 6 308-7","t",11.28]
[null,"D-05.03.05"]
[null,"Warstwa wiążąca z mieszanek mineralno-bitumicznych dodatek za dalszy 1 km przewozu ponad 5 km [S=20]"]
["WU Kosztorys uproszczony","wyk.dn.","str. 8"]
[]
["Nr","Nazwa","Jednostka miary","Ilość","Cena jedn.","Wartość"]
[]
[880,"KNNR 6 1005-7","m2",90.26]
[null,"D-04.03.01"]
[null,"Skropienie nawierzchni asfaltem"]
[890,"KNNR 6 309-2","m2",90.26]
[null,"D-05.03.05"]
[null,"Warstwa ścieralna z mieszanek mineralno-bitumicznych asfaltowych, gr.warstwy po zagęszczeniu 4 cm"]
[900,"KNNR 6 309-7","t",9.02]
[null,"D-05.03.05"]
[null,"Warstwa ścieralna z mieszanek mineralno-bitumicznych - dodatek za dalszy 1 km przewozu ponad 5 km [S=20]"]
["Razem element 2.5: Zjazdy"]
["2.6","Pobocza"]
[910,"KNNR 1 501-1","m2",607.66]
[null,"Ręczne plantowanie powierzchni gruntu rodzimego kat.I-III"]
[920,"KNNR 6 112-5","m2",167.25]
[null,"D-04.04.02"]
[null,"Podbudowy z kruszyw naturalnych warstwa górna, gr.warstwy po zagęszczeniu 10 cm"]
[null,"Wzmocnienie pobocza w-wą kruszywa drobnoziarnistego"]
[930,"KNNR 1 514-1","m2",71.73]
[null,"D-02.01.01"]
[null,"Umocnienie skarp i dna kanałów płytami prefabrykowanymi"]
[null,"Umocnienie płytami ażurowymi skarp zgodnie z planem sytuacyjnym"]
[940,"KNNR 1 507-1","m2",372.29]
[null,"D-02.01.01"]
[null,"Humusowanie skarp z obsianiem przy grubości warstwy humusu 5 cm"]
[null,"Zieleniec - zakup + dowóz humusu"]
[950,"KNNR 1 507-2","m2",372.29]
[null,"D-02.01.01"]
[null,"Humusowanie skarp z obsianiem - dodatek za każdy następny 1 cm humusu"]
[null,"J.w. [R=5;M=5;S=5]"]
["Razem element 2.6: Pobocza"]
["2.7","Roboty różne"]
[960,"KNNR 6 1104-4","m2",17.44]
[null,"D-00.00.00"]
[null,"Remonty cząstkowe nawierzchni z klinkieru drogowego na płask na podsypce cementowo-piaskowej, wypełnienie spoin zaprawą cementową"]
[null,"Przełozenie naw.istniejacego zjazdu"]
[970,"KNR 2-31 1406-4","szt",2]
[null,"D-00.00.00"]
[null,"Regulacja pionowa studzienek dla urządzeń podziemnych - zaworów wodociągowych i gazowych"]
[980,"KNR 2-31 1406-3","szt",1]
[null,"D-00.00.00"]
[null,"Regulacja pionowa studzienek dla urządzeń podziemnych - włazów kanałowych"]
["Razem element 2.7: Roboty różne"]
["Razem rozdział 2: Konstrukcja drogi"]
[3,"Oznakowanie,dokumenetacja powykonawcza"]
[990,"KNNR 6 702-1","szt",10]
[null,"D-07.01.02"]
[null,"Pionowe znaki drogowe - słupki z rur stalowych"]
["WU Kosztorys uproszczony","wyk.dn.","str. 9"]
[]
["Nr","Nazwa","Jednostka miary","Ilość","Cena jedn.","Wartość"]
[]
[1000,"KNNR 6 702-5","szt",13,240.5,{"v":3126.5,"d":"3,126.50"}]
[null,"D-07.01.02"]
[null,"Pionowe znaki drogowe zakazu, nakazu, ostrzegawcze i informacyjne o powierzchni ponad 0.3 m2"]
[1010,"KNNR 6 702-4","szt",2,234.93,469.86]
[null,"D-07.01.02"]
[null,"Pionowe znaki drogowe zakazu, nakazu, ostrzegawcze i informacyjne o powierzchni do 0.3 m2"]
[1020,"KNR nr AT-04 209-1","szt",1,758.7,758.7]
[null,"D-07.01.02"]
[null,"Urządzenia bezpieczeństwa ruchu - progi zwalniające listwowe o szer. do 1,0 m z tworzywa sztucznego"]
[1030,"KNNR 6 705-7","m2",5,24.11,120.55]
[null,"D-07.01.02"]
[null,"Oznakowanie poziome jezdni farbą chlorokauczukową - strzałki i inne symbole malowane ręcznie"]
[1040,"KNNR 6 705-2","m2",51,14.89,759.39]
[null,"D-07.01.02"]
[null,"Oznakowanie poziome jezdni farbą chlorokauczukową - linie segregacyjne i krawędziowe ciągłe malowane mechanicznie"]
[1050,"KNNR 6 705-6","m2",8.25,17.07,140.83]
[null,"D-07.01.02"]
[null,"Oznakowanie poziome jezdni farbą chlorokauczukową - linie na skrzyżowaniach i przejściach dla pieszych malowane mechanicznie"]
[1060,"2017-01-01","kpl",1,{"v":1725,"d":"1,725.00"},{"v":1725,"d":"1,725.00"}]
[null,"D-00.00.00"]
[null,"Dokumentacja powykonawcza gedoezyjna wraz z naniesieniem zmian na zasoby geodezyjne starostwa ."]
["Razem rozdział 3: Oznakowanie,dokumenetacja powykonawcza",{"$nulls":4},{"v":8350.23,"d":"8,350.23"}]
["Razem kosztorys: Budowa drogi z odwodnieniem łącznika ul.Sienkiewicza z drogą przy szybie.",{"$nulls":4},{"v":634993.8,"d":"634,993.80"}]
["VAT (23%) ",{"$nulls":4},{"v":146048.57,"d":"146,048.57"}]
["Razem kosztorys + VAT ",{"$nulls":4},{"v":781042.37,"d":"781,042.37"}]